15 Famous People from Belarus - Statistics

General Stats
  • This quiz has been taken 60 times
    41 since last reset
  • The average score is 3 of 15
Answer Stats
Hint Answer % Correct
President of Belarus since 1994 Alexander Lukashenko
81%
Footballer who played for VfB Stuttgart, Arsenal and Barcelona Alexander Hleb
54%
Female tennis player who won Australian Open in 2012 and 2013 Victoria Azarenka
35%
Female politician and the leader of democratic movement who lives in exile in Poland Sviatlana Tikhanovskaya
27%
Female tennis player who won Australian Open in 2023 Aryna Sabalenka
19%
Belarusian born French artist known as a master of classic avant-garde art Marc Chagall
19%
First female biathlete to win three titles at the same Olympics, at Sochi 2014 Darya Domracheva
12%
Most famous Belarusian tennis player Max Mirnyi
12%
Tennis player who was ofter in the team playing doubles with Gigi Fernandez Natasha Zvereva
8%
Slavic humanist, physician, and translator of the Bible Francysk Skaryna
4%
Female gymnast who won four gold medals and two silver medals at Olympics Olga Korbut
4%
Ice hockey player who played 14 seasons in NHL and who died in plane crash Ruslan Salei
4%
Aerospace engineer, an inventor and one of the creators of supersonic jets Pavel Sukhoi
0%
Nobel Prize-winning Belarusian journalist and oral historian Svetlana Alexievich
0%
Only male gymnast to win a world title in all 8 events Vitaly Scherbo
0%
No matching quizzes found
Score Distribution
Percent of People with Each Score
Percentile by Number Answered
Your Score History
You have not taken this quiz since the last reset